| 000 | 00853 a2200241 4500 | ||
|---|---|---|---|
| 008 | 240605b mp ||||| |||| 00| 0 mon d | ||
| 020 | _a978-99929-76-13-6 | ||
| 035 | _a400 | ||
| 040 |
_aHE0623081 _bmon _cMN-UlNLM _dMN-UlNLM _erda |
||
| 041 | _amon | ||
| 042 | _a396 | ||
| 084 |
_2NNA _a84(5Мон)-44 _bБ.109 |
||
| 100 | _aБаасансүрэн Т. | ||
| 245 | 0 | _aАлтай | |
| 264 |
_aУБ. _bЗГ-ын ХҮ. _c2011 |
||
| 300 | _a389х. | ||
| 336 |
_2rdacontent _atext _btxt |
||
| 337 |
_2rdamedia _aunmediated _bn |
||
| 338 |
_2rdacarrier _avolume _bnc |
||
| 490 | _v3 | ||
| 650 | _aАлтай, Нүдэн булаг, Өвгөн цохио, Нялх ногооны үнэр, Нэг орцныхон, Зарим уран бүтээлч, утга зохиолын шүүмжлэгчдээс өгсөн үнэлэлт ... | ||
| 942 |
_2NNA _cBK |
||
| 999 |
_c873093 _d873150 |
||